Statistics for World Capitals Closest to Islamabad - One Minute Sprint

Click here to take the quiz!

General Stats

  • This quiz has been taken 22 times
  • The average score is 13 of 20

Answer Stats

kmcapitalmiles% Correct
689New Delhi428
100%
370Kabul230
93%
1990Tehran1237
93%
1404Ashgabat873
80%
1945Astana1208
80%
1030Bishkek640
80%
911Tashkent566
80%
2652Baghdad1648
73%
1346Kathmandu837
73%
1727Thimphu1073
67%
660Dushanbe410
60%
2422Kuwait City1505
60%
2083Abu Dhabi1294
53%
2184Baku1357
53%
2279Doha1416
53%
2013Dhaka1251
47%
2627Tbilisi1632
47%
2625Yerevan1631
47%
2314Manama1438
40%
1816Muscat1128
40%

Score Distribution

Percentile by Number Answered

Percent of People with Each Score

Your Score History

You have not taken this quiz